000 00880nam a2200229Ii 4500
003 JO-AjNU
008 230605s9999||||xx |||||||||||||| ||und||
017 _a2007/11/3411
020 _a978-9957-499-17-4
040 _aJO-AjNU
_bara
_erda
_cJO-AjNU
041 _aara
050 1 4 _aTX911.3.M27.A2298 2008
100 3 _aعبوي، زيد منير,
_eauthor
_951057
245 0 0 _aإدارة وتصنيف المطاعم السياحية وآلية عملها
250 _aط1
264 3 1 _aعمان: دار الراية للنشر والتوزيع، 2008
300 _a198ص
_bيشتمل على جداول وقائمة مصطلحات من 181-196 ص
336 _atext
_btxt
_2rdacontent
337 _aunmediated
_bn
_2rdamedia
338 _avolume
_bnc
_2rdacarrier
650 4 _aالمطاعم - ادارة - الفنادق - ادارة - السياحة - ادارة
_951058
999 _aA22529
_c26097
_d26097